[Event "Madrid-ch Previa A 2014-2015"]
[Site "Madrid ESP"]
[Date "2015.02.10"]
[Round "5.13"]
[White "Canseco Arenas, Alfonso"]
[Black "Baeza Escudero, Javier"]
[Result "1-0"]
[WhiteElo "1733"]
[BlackElo "1922"]
[PlyCount "108"]
[EventDate "2015.02.02"]
[EventType "swiss"]
[EventRounds "9"]
[EventCountry "ESP"]
[Source "lmi"]
[SourceDate "2015.02.02"]

1. b3 g6 2. c4 Bg7 3. Nc3 c5 4. d3 Nc6 5. g3 Nf6 6. Bg2 O-O 7. e4 d6 8. Nge2 a6
9. O-O Rb8 10. a4 e6 11. f4 Ne8 12. Be3 Nc7 13. e5 dxe5 14. Bxc5 Re8 15. Ne4
Bd7 16. fxe5 Nxe5 17. Nd6 Bc6 18. Nxe8 Bxg2 19. Kxg2 Nxe8 20. Nc3 Nxd3 21. Ba3
Nf6 22. Rf3 Ne5 23. Qxd8+ Rxd8 24. Be7 Rd2+ 25. Rf2 Rxf2+ 26. Kxf2 Nfg4+ 27.
Kg2 Nxc4 28. Ba3 Nge3+ 29. Kf3 Nc2 30. Rd1 h5 31. Rd8+ Kh7 32. Ne4 Nd4+ 33. Kg2
Kh6 34. Nd6 Nxd6 35. Rxd6 b5 36. Rxa6 bxa4 37. Rxa4 Kg5 38. Be7+ Kf5 39. b4 e5
40. Bc5 Ne6 41. Ra7 e4 42. Rxf7+ Ke5 43. Be3 Kd5 44. Re7 Bf8 45. Rb7 Bd6 46. b5
Bc7 47. b6 Bd6 48. Rf7 Kc6 49. Rf6 Nf8 50. Bf4 Kxb6 51. Bxd6 Nd7 52. Rxg6 Kb5
53. Bf4 Kc4 54. Kf2 Nc5 1-0

[Event "Madrid-ch Previa A 2014-2015"]
[Site "Madrid ESP"]
[Date "2015.02.10"]
[Round "5.14"]
[White "Lozano Sanchez, Jose Antonio"]
[Black "Clemares Marquerie, David"]
[Result "1-0"]
[WhiteElo "1873"]
[BlackElo "1693"]
[PlyCount "91"]
[EventDate "2015.02.02"]
[EventType "swiss"]
[EventRounds "9"]
[EventCountry "ESP"]
[Source "lmi"]
[SourceDate "2015.02.02"]

1. e4 d5 2. e5 f6 3. f4 c5 4. Nf3 Bg4 5. Be2 Nc6 6. Bb5 Qc7 7. O-O e6 8. Qe1 c4
9. Nc3 O-O-O 10. Bxc6 Qxc6 11. d4 cxd3 12. cxd3 Bc5+ 13. Kh1 d4 14. Ne4 f5 15.
Nxc5 Bxf3 16. Rxf3 Qxc5 17. b4 Qb6 18. Bb2 Rd7 19. Rc1+ Rc7 20. Rxc7+ Kxc7 21.
Qc1+ Kd7 22. Qc4 Ne7 23. Bxd4 Qc6 24. Rf2 b5 25. Qc5 Qxc5 26. Bxc5 Nc6 27. Rd2
Rc8 28. Kg1 a5 29. a3 a4 30. d4 Nd8 31. Kf2 Nb7 32. Ke3 h6 33. h3 g5 34. g4 Kc6
35. gxf5 exf5 36. d5+ Kd7 37. e6+ Kd8 38. Kd4 gxf4 39. Rf2 Nxc5 40. bxc5 b4 41.
axb4 a3 42. Ra2 Ra8 43. d6 Ra4 44. Kd5 f3 45. e7+ Kd7 46. c6+ 1-0

[Event "Madrid-ch Previa A 2014-2015"]
[Site "Madrid ESP"]
[Date "2015.02.10"]
[Round "5.15"]
[White "Garcia Carbonell, Francisco"]
[Black "Lopez Oneto, Manuel"]
[Result "1-0"]
[WhiteElo "1658"]
[BlackElo "1855"]
[PlyCount "55"]
[EventDate "2015.02.02"]
[EventType "swiss"]
[EventRounds "9"]
[EventCountry "ESP"]
[Source "lmi"]
[SourceDate "2015.02.02"]

1. e4 Nf6 2. Nc3 d5 3. e5 d4 4. exf6 dxc3 5. fxg7 cxd2+ 6. Qxd2 Qxd2+ 7. Bxd2
Bxg7 8. O-O-O Nc6 9. Bb5 Bd7 10. Nf3 O-O-O 11. Rhe1 Nd4 12. Bxd7+ Rxd7 13. Ne5
Bxe5 14. Rxe5 f6 15. Re4 Rg8 16. c3 Nc6 17. g3 Rgd8 18. f4 e5 19. Ree1 h5 20.
Be3 e4 21. Rxd7 Rxd7 22. h3 Rg7 23. Bf2 f5 24. Kd2 Ne7 25. Ke3 Rg6 26. Rd1 Rb6
27. b3 Rg6 28. a4 1-0

[Event "Madrid-ch Previa A 2014-2015"]
[Site "Madrid ESP"]
[Date "2015.02.10"]
[Round "5.16"]
[White "Garcia Lopez, Pedro"]
[Black "Villodre Miranda, Juan Alonso"]
[Result "0-1"]
[WhiteElo "1784"]
[BlackElo "1683"]
[PlyCount "44"]
[EventDate "2015.02.02"]
[EventType "swiss"]
[EventRounds "9"]
[EventCountry "ESP"]
[Source "lmi"]
[SourceDate "2015.02.02"]

1. d4 d5 2. Nf3 g6 3. c4 e6 4. Nc3 c6 5. e3 h6 6. Qc2 Nd7 7. Bd2 Bg7 8. cxd5
exd5 9. Bd3 Ne7 10. Nh4 O-O 11. O-O Kh7 12. f4 f5 13. b4 Nf6 14. g3 Ne4 15.
Nxe4 dxe4 16. Bc4 Nd5 17. Ng2 Be6 18. Rfd1 Rf7 19. Rab1 Rc7 20. Rdc1 a6 21. a4
b5 22. axb5 cxb5 0-1

[Event "Madrid-ch Previa A 2014-2015"]
[Site "Madrid ESP"]
[Date "2015.02.10"]
[Round "5.17"]
[White "Del Noval Nemeshazi, Nesztor"]
[Black "Gonzalez Recas, Fernando"]
[Result "1/2-1/2"]
[WhiteElo "1616"]
[BlackElo "1776"]
[PlyCount "81"]
[EventDate "2015.02.02"]
[EventType "swiss"]
[EventRounds "9"]
[EventCountry "ESP"]
[Source "lmi"]
[SourceDate "2015.02.02"]

1. e4 d6 2. d4 Nf6 3. Nc3 g6 4. f3 c6 5. Be3 Nbd7 6. Qd2 Bg7 7. g4 e5 8. d5 Nb6
9. dxc6 bxc6 10. O-O-O Ke7 11. Bd3 Be6 12. Nge2 Qc7 13. h4 h5 14. g5 Nfd7 15.
f4 Nc4 16. Bxc4 Bxc4 17. f5 gxf5 18. exf5 f6 19. Ne4 Bxe2 20. Qxe2 d5 21. Nc5
Nxc5 22. Bxc5+ Kf7 23. g6+ Ke8 24. Rhg1 Rd8 25. Qa6 Rd7 26. Rd3 Qb7 27. Ra3
Bh6+ 28. Kd1 Rg8 29. Qxa7 Qxa7 30. Rxa7 Rxa7 31. Bxa7 Bf8 32. Be3 Kd7 33. c3 c5
34. Ke2 Kc6 35. Bd2 Kb5 36. Kd3 e4+ 37. Ke3 Bh6+ 38. Ke2 Bxd2 39. Kxd2 Kc4 40.
Ke3 Rg7 41. Rg2 1/2-1/2

[Event "Madrid-ch Previa A 2014-2015"]
[Site "Madrid ESP"]
[Date "2015.02.10"]
[Round "5.18"]
[White "Roman Garcia, Jose Luis"]
[Black "Montes De Santiago, Fernando"]
[Result "1-0"]
[WhiteElo "1469"]
[BlackElo "1774"]
[PlyCount "85"]
[EventDate "2015.02.02"]
[EventType "swiss"]
[EventRounds "9"]
[EventCountry "ESP"]
[Source "lmi"]
[SourceDate "2015.02.02"]

1. e4 c5 2. Nf3 d6 3. Bc4 Nf6 4. e5 dxe5 5. Nxe5 e6 6. O-O Bd6 7. Bb5+ Bd7 8.
Bxd7+ Nbxd7 9. Nxd7 Qxd7 10. d3 Qc7 11. h3 Nd5 12. c4 Ne7 13. Nc3 a6 14. Qa4+
Qc6 15. Qxc6+ Nxc6 16. Ne4 Be7 17. Be3 b6 18. a3 O-O 19. Rfb1 Rfd8 20. Rd1 Ne5
21. b4 f5 22. Bg5 fxe4 23. Bxe7 Rd7 24. Bg5 exd3 25. bxc5 bxc5 26. Rac1 Rc8 27.
Rd2 h6 28. Be3 Kf7 29. f4 Nc6 30. Bxc5 Na5 31. Be3 Nxc4 32. Kf2 Nxd2 33. Rxc8
Nb3 34. Ke1 d2+ 35. Kd1 Rd3 36. Rc7+ Kf6 37. Bf2 Nc1 38. Rc2 Ne2 39. Bh4+ g5
40. fxg5+ hxg5 41. Bf2 Nc3+ 42. Rxc3 Rxc3 43. Bd4+ 1-0

[Event "Madrid-ch Previa A 2014-2015"]
[Site "Madrid ESP"]
[Date "2015.02.10"]
[Round "5.19"]
[White "Vaquerizo Calvo, Miguel A"]
[Black "Benitez Cadenas, Luis Miguel"]
[Result "1-0"]
[WhiteElo "1844"]
[BlackElo "1703"]
[PlyCount "131"]
[EventDate "2015.02.02"]
[EventType "swiss"]
[EventRounds "9"]
[EventCountry "ESP"]
[Source "lmi"]
[SourceDate "2015.02.02"]

1. d4 e6 2. c4 f5 3. Nc3 Nf6 4. Nf3 c6 5. g3 d5 6. Bg2 Bd6 7. O-O O-O 8. c5 Bc7
9. b4 Bd7 10. Rb1 Qe8 11. Bf4 Bxf4 12. gxf4 Ne4 13. Qd3 Nxc3 14. Qxc3 Qh5 15.
Ne5 Be8 16. Qf3 Qxf3 17. Bxf3 Nd7 18. Nxd7 Bxd7 19. a4 a6 20. e3 Rfb8 21. Be2
b5 22. axb5 axb5 23. Ra1 Ra4 24. Rxa4 bxa4 25. Rb1 a3 26. Ra1 Ra8 27. Kf1 Kf7
28. Ke1 Ra4 29. Bd1 Ra8 30. Kd2 Kf6 31. Kc3 g5 32. Kb3 gxf4 33. exf4 Ke7 34.
Rxa3 Rxa3+ 35. Kxa3 Kd8 36. Ka4 Kc7 37. Ka5 Bc8 38. Be2 Bb7 39. b5 cxb5 40.
Bxb5 Bc8 41. Be8 Bb7 42. Bf7 Bc8 43. Bg8 h6 44. Bf7 Bd7 45. Bh5 Kb7 46. Be2 Kc7
47. Bb5 Bc8 48. Kb4 Bb7 49. Kc3 Bc8 50. Kd3 Bb7 51. Ke3 Kd8 52. Kf3 Ke7 53. Kg3
Bc8 54. Kh4 Kf8 55. Kh5 Kg7 56. c6 Kh7 57. Be2 Kg7 58. Kh4 Kh7 59. Bh5 Kg7 60.
Be8 Kf8 61. Bd7 Bxd7 62. cxd7 Ke7 63. Kh5 Kxd7 64. Kxh6 Ke8 65. Kg7 Ke7 66. h4
1-0

[Event "Madrid-ch Previa A 2014-2015"]
[Site "Madrid ESP"]
[Date "2015.02.10"]
[Round "5.20"]
[White "Martin-Consuegra Barrilero, Francisco Javier"]
[Black "Beekhof Harmsen, Willen"]
[Result "0-1"]
[WhiteElo "1801"]
[BlackElo "1654"]
[PlyCount "74"]
[EventDate "2015.02.02"]
[EventType "swiss"]
[EventRounds "9"]
[EventCountry "ESP"]
[Source "lmi"]
[SourceDate "2015.02.02"]

1. d4 d6 2. Bf4 g6 3. e3 Bg7 4. h3 c6 5. c3 b5 6. Nd2 Nd7 7. Ngf3 a5 8. a4 b4
9. cxb4 axb4 10. b3 Ngf6 11. Bc4 d5 12. Bd3 O-O 13. Rc1 Bb7 14. O-O Nh5 15. Bh2
f6 16. g4 e5 17. Ne1 e4 18. Be2 f5 19. gxh5 Qg5+ 20. Kh1 Qh4 21. Ng2 Qxh3 22.
Nf4 Qh4 23. hxg6 Rf6 24. Bh5 Bh6 25. gxh7+ Kxh7 26. Ng6 Rxg6 27. Bxg6+ Kxg6 28.
f4 Nf6 29. Qe1 Qh5 30. Rg1+ Ng4 31. Rxg4+ fxg4 32. Nf1 Rh8 33. Qxb4 g3 34. Qd6+
Kh7 35. Qd7+ Bg7 36. Qxb7 Qf3+ 37. Kg1 Qf2+ 0-1

[Event "Madrid-ch Previa A 2014-2015"]
[Site "Madrid ESP"]
[Date "2015.02.10"]
[Round "5.21"]
[White "Rodriguez Bachiller, Luis"]
[Black "Leniz Martinez, Francisco"]
[Result "1/2-1/2"]
[WhiteElo "1714"]
[BlackElo "1702"]
[PlyCount "108"]
[EventDate "2015.02.02"]
[EventType "swiss"]
[EventRounds "9"]
[EventCountry "ESP"]
[Source "lmi"]
[SourceDate "2015.02.02"]

1. e4 e6 2. d4 d5 3. e5 c5 4. Bb5+ Bd7 5. Bxd7+ Qxd7 6. Be3 cxd4 7. Bxd4 Nc6 8.
c3 Nge7 9. f4 Nf5 10. Nf3 Rc8 11. g4 Nfxd4 12. Nxd4 Nxd4 13. Qxd4 Bc5 14. Qd3
Qc7 15. Qb5+ Qc6 16. Qxc6+ Rxc6 17. Nd2 g6 18. Ke2 Ke7 19. Kd3 b5 20. a3 Rc7
21. Nf3 h6 22. h4 h5 23. gxh5 Rxh5 24. Rh2 Bb6 25. Nd4 Bxd4 26. Kxd4 Rc4+ 27.
Ke3 Rf5 28. h5 gxh5 29. Rh4 f6 30. exf6+ Kxf6 31. Rah1 Re4+ 32. Kf3 a6 33. Rxh5
Rexf4+ 34. Ke3 Re4+ 35. Kd3 Rxh5 36. Rxh5 Rc4 37. Rh7 Rc5 38. Ra7 Rc6 39. Ke3
Ke5 40. Kd3 Kd6 41. Rh7 e5 42. Rh6+ Kc5 43. b4+ Kb6 44. Rh8 Re6 45. Ke3 Kc7 46.
Rh7+ Kd6 47. Ra7 Rf6 48. Rxa6+ Ke7 49. Ra7+ Kd6 50. a4 bxa4 51. Rxa4 Rf8 52.
Ra6+ Kd7 53. Rh6 Rb8 54. Kd3 Ke7 1/2-1/2

[Event "Madrid-ch Previa A 2014-2015"]
[Site "Madrid ESP"]
[Date "2015.02.10"]
[Round "5.22"]
[White "Suarez Mencia, Roberto"]
[Black "Martinez Miura, Enrique"]
[Result "0-1"]
[WhiteElo "1489"]
[BlackElo "1732"]
[PlyCount "52"]
[EventDate "2015.02.02"]
[EventType "swiss"]
[EventRounds "9"]
[EventCountry "ESP"]
[Source "lmi"]
[SourceDate "2015.02.02"]

1. c4 c6 2. g3 d5 3. cxd5 cxd5 4. Bg2 Nc6 5. e3 Nf6 6. Ne2 g6 7. d4 Bg7 8. Nbc3
O-O 9. O-O Bf5 10. Nf4 e6 11. f3 g5 12. Nfe2 Bg6 13. e4 dxe4 14. fxe4 h6 15. d5
exd5 16. exd5 Qb6+ 17. Kh1 Rad8 18. h3 Ne7 19. Na4 Qc7 20. Nac3 Nexd5 21. Nxd5
Nxd5 22. Qb3 Nb6 23. Rd1 Bc2 24. Qf3 Bxd1 25. Kh2 Rfe8 26. Bf1 Qc2 0-1

[Event "Madrid-ch Previa A 2014-2015"]
[Site "Madrid ESP"]
[Date "2015.02.10"]
[Round "5.23"]
[White "Jara Sanchez, Carlos"]
[Black "Montejano Siguero, Sonia"]
[Result "1-0"]
[WhiteElo "1621"]
[BlackElo "1521"]
[PlyCount "51"]
[EventDate "2015.02.02"]
[EventType "swiss"]
[EventRounds "9"]
[EventCountry "ESP"]
[Source "lmi"]
[SourceDate "2015.02.02"]

1. e4 c5 2. Nf3 Nc6 3. d4 Nxd4 4. Nxd4 cxd4 5. Qxd4 e6 6. Nc3 Ne7 7. e5 Nc6 8.
Qe4 d5 9. exd6 Bxd6 10. Bb5 Bd7 11. Be3 Qf6 12. O-O-O Be7 13. Rxd7 O-O 14. Rxb7
Ne5 15. Bd4 Qh6+ 16. Be3 Qf6 17. Rd1 Rad8 18. Rxd8 Rxd8 19. Rxa7 Ng6 20. Bd3
Qh4 21. Qxh4 Nxh4 22. Rxe7 Nxg2 23. Bc5 g6 24. Bb5 h5 25. Re8+ Rxe8 26. Bxe8
1-0

[Event "Madrid-ch Previa A 2014-2015"]
[Site "Madrid ESP"]
[Date "2015.02.10"]
[Round "5.24"]
[White "Ramos Antona, Enrique"]
[Black "Torres Alvarez, Augusto"]
[Result "1/2-1/2"]
[WhiteElo "1630"]
[BlackElo "1505"]
[PlyCount "100"]
[EventDate "2015.02.02"]
[EventType "swiss"]
[EventRounds "9"]
[EventCountry "ESP"]
[Source "lmi"]
[SourceDate "2015.02.02"]

1. d4 Nf6 2. c4 g6 3. Nc3 Bg7 4. e4 d6 5. f3 O-O 6. Be3 e5 7. d5 Nh5 8. Qd2 f5
9. Bg5 Nf6 10. Bh6 f4 11. Bxg7 Kxg7 12. Bd3 Nbd7 13. Nge2 Nh5 14. O-O-O a5 15.
Bc2 Nc5 16. Na4 Nxa4 17. Bxa4 Bd7 18. Bxd7 Qxd7 19. Nc3 a4 20. Kb1 Kh8 21. Nb5
g5 22. Qb4 Nf6 23. Rd3 b6 24. Ra3 g4 25. Rxa4 gxf3 26. gxf3 Rxa4 27. Qxa4 Ne8
28. Rg1 Rg8 29. Qd1 Qh3 30. Rxg8+ Kxg8 31. Qg1+ Kf7 32. Qf2 Ke7 33. b4 Kd8 34.
Kc2 Nf6 35. Nc3 Nd7 36. b5 Qh5 37. a3 Qg5 38. Ne2 h5 39. Qg1 Qxg1 40. Nxg1 Nf8
41. Kc3 Ng6 42. Kb4 Kc8 43. a4 Kb7 44. Kc3 Kc8 45. Kd2 Ne7 46. Ke1 Ng8 47. Kf2
Nf6 48. Ne2 Nd7 49. Nc3 Kb7 50. Kg2 Nc5 1/2-1/2

[Event "Madrid-ch Previa A 2014-2015"]
[Site "Madrid ESP"]
[Date "2015.02.11"]
[Round "6.1"]
[White "Rueda Maria, Ramiro"]
[Black "Perea Blanco, David"]
[Result "0-1"]
[WhiteElo "1905"]
[BlackElo "1876"]
[PlyCount "52"]
[EventDate "2015.02.02"]
[EventType "swiss"]
[EventRounds "9"]
[EventCountry "ESP"]
[Source "lmi"]
[SourceDate "2015.02.02"]

1. c4 g6 2. Nc3 Bg7 3. d4 e6 4. e4 Ne7 5. Nf3 d5 6. Bg5 f6 7. Be3 dxe4 8. Nxe4
b6 9. Qd2 Nf5 10. Bd3 Bb7 11. Ng3 Nxe3 12. Qxe3 Kf7 13. Be4 c6 14. Qf4 Re8 15.
h4 f5 16. Bc2 Nd7 17. h5 e5 18. hxg6+ hxg6 19. Ng5+ Ke7 20. Qh4 Rh8 21. Nh7+
Ke8 22. Qxd8+ Kxd8 23. dxe5 Bxe5 24. O-O-O Kc7 25. Ng5 Bf4+ 26. Kb1 Bxg5 0-1

[Event "Madrid-ch Previa A 2014-2015"]
[Site "Madrid ESP"]
[Date "2015.02.11"]
[Round "6.2"]
[White "Fernandez Garcia, Ignacio"]
[Black "Martos De La Vega, Alvar"]
[Result "0-1"]
[WhiteElo "1836"]
[BlackElo "1933"]
[PlyCount "62"]
[EventDate "2015.02.02"]
[EventType "swiss"]
[EventRounds "9"]
[EventCountry "ESP"]
[Source "lmi"]
[SourceDate "2015.02.02"]

1. e4 c5 2. c3 d5 3. e5 Nc6 4. d4 cxd4 5. cxd4 Qb6 6. Nc3 e6 7. Nf3 Nge7 8. Bd3
Bd7 9. Na4 Qc7 10. Nc5 Nxd4 11. Nxd7 Nxf3+ 12. Qxf3 Qxd7 13. O-O Nc6 14. Bf4 a6
15. Rad1 g6 16. Bb1 Bg7 17. Rfe1 O-O 18. Qd3 Qc7 19. h4 Rfd8 20. h5 Rac8 21.
Bg5 Bxe5 22. Bxd8 Qxd8 23. hxg6 hxg6 24. Qh3 Kg7 25. b3 Qf6 26. Rd3 Rh8 27. Qf3
Qh4 28. Qh3 Qb4 29. Qe3 Bh2+ 30. Kf1 Bf4 31. a3 Rh1+ 0-1

[Event "Madrid-ch Previa A 2014-2015"]
[Site "Madrid ESP"]
[Date "2015.02.11"]
[Round "6.3"]
[White "Cano Mercado, Francisco Manuel"]
[Black "Corral Aragon, Juan Maria"]
[Result "1-0"]
[WhiteElo "1886"]
[BlackElo "1809"]
[PlyCount "129"]
[EventDate "2015.02.02"]
[EventType "swiss"]
[EventRounds "9"]
[EventCountry "ESP"]
[Source "lmi"]
[SourceDate "2015.02.02"]

1. d4 d5 2. c4 c6 3. Nc3 dxc4 4. Nf3 b5 5. g3 Bb7 6. Bg2 e6 7. O-O Nd7 8. e4
Ngf6 9. Re1 Bb4 10. Bg5 h6 11. Bxf6 Nxf6 12. Ne5 O-O 13. a3 Bxc3 14. bxc3 Qa5
15. Qc2 a6 16. Reb1 Qc7 17. a4 Nd7 18. Ng4 e5 19. Ne3 exd4 20. cxd4 Nf6 21. e5
Nd5 22. Bxd5 cxd5 23. axb5 axb5 24. Rxa8 Rxa8 25. Rxb5 Ra1+ 26. Kg2 Qd7 27. Qb2
Bc8 28. g4 Ra7 29. Rb6 Rb7 30. h3 Rxb6 31. Qxb6 Bb7 32. Nd1 Qc6 33. Qxc6 Bxc6
34. Nc3 g5 35. Kg3 f6 36. f4 Kf7 37. h4 gxf4+ 38. Kxf4 Ke6 39. exf6 Kxf6 40.
Kg3 Ke6 41. Kf4 Be8 42. g5 h5 43. Ne2 Bg6 44. Ng3 c3 45. Ke3 Kd6 46. Ne2 c2 47.
Kd2 Ke7 48. Nf4 Be4 49. Nxh5 Ke6 50. Ng3 Bd3 51. h5 Kf7 52. Nh1 Ke7 53. Nf2 Bf5
54. Kc1 Kd6 55. Nh1 Kc6 56. Ng3 Bd3 57. g6 Kd7 58. g7 Bh7 59. Nf5 Ke6 60. Nh6
Kf6 61. g8=Q Bxg8 62. Nxg8+ Kg5 63. Kxc2 Kxh5 64. Nf6+ Kg5 65. Nxd5 1-0

[Event "Madrid-ch Previa A 2014-2015"]
[Site "Madrid ESP"]
[Date "2015.02.11"]
[Round "6.4"]
[White "Pana, Dorin"]
[Black "Franco Rincon, David"]
[Result "1-0"]
[WhiteElo "1943"]
[BlackElo "1697"]
[PlyCount "90"]
[EventDate "2015.02.02"]
[EventType "swiss"]
[EventRounds "9"]
[EventCountry "ESP"]
[Source "lmi"]
[SourceDate "2015.02.02"]

1. e4 e5 2. Nf3 Nc6 3. Bc4 d6 4. d3 Be7 5. Nc3 Nf6 6. h3 O-O 7. Bg5 h6 8. Be3
Na5 9. Bb3 Nxb3 10. axb3 Be6 11. O-O a6 12. d4 exd4 13. Nxd4 Nh7 14. f4 Bd7 15.
Qd3 Bf6 16. Rad1 Re8 17. Nd5 Be6 18. Nc3 Rc8 19. Rf3 Bd7 20. Nd5 Be6 21. Nxe6
fxe6 22. Nxf6+ Nxf6 23. Rg3 Qe7 24. Rf1 Rf8 25. f5 Kh8 26. Rg6 Rce8 27. Bxh6
gxh6 28. Rxh6+ Nh7 29. Rxe6 Qf7 30. Rg6 Rg8 31. Rxg8+ Kxg8 32. Rf4 Qf6 33. Qc4+
Qf7 34. Rg4+ Kf8 35. Qc3 Re6 36. Qe3 Re7 37. Qd4 Ke8 38. Qa7 Nf6 39. Qxb7 Kd7
40. Rg6 Nxe4 41. Qxa6 Nc5 42. Qb5+ c6 43. Qb8 Re1+ 44. Kh2 Na6 45. Rxd6+ Ke7
1-0

[Event "Madrid-ch Previa A 2014-2015"]
[Site "Madrid ESP"]
[Date "2015.02.11"]
[Round "6.6"]
[White "Saber, Salah"]
[Black "Fernandez Aransay, Fernando"]
[Result "0-1"]
[WhiteElo "1866"]
[BlackElo "1869"]
[PlyCount "104"]
[EventDate "2015.02.02"]
[EventType "swiss"]
[EventRounds "9"]
[EventCountry "ESP"]
[Source "lmi"]
[SourceDate "2015.02.02"]

1. Nf3 d5 2. d4 Nf6 3. c4 e6 4. Bg5 Be7 5. e3 O-O 6. Nc3 b6 7. Be2 Bb7 8. O-O
Nbd7 9. a3 c5 10. cxd5 exd5 11. h3 a6 12. Rc1 Rc8 13. Bd3 c4 14. Bb1 b5 15. Qc2
Ne4 16. Bxe7 Qxe7 17. Rce1 Rfe8 18. Nd2 Ndf6 19. Ndxe4 dxe4 20. Ne2 a5 21. Ng3
g6 22. Ba2 Qd6 23. Ra1 Bd5 24. Rfc1 b4 25. axb4 axb4 26. Qd1 Ra8 27. b3 c3 28.
Rc2 Ra3 29. Ne2 Rxb3 30. Bxb3 Bxb3 31. Qb1 Bxc2 32. Qxc2 Nd5 33. Nc1 Qc6 34.
Nb3 Qc4 35. Nc5 Rb8 36. Rb1 Nf6 37. g3 Kg7 38. Kg2 Qd5 39. Na6 Rb6 40. Nc5 Nd7
41. Nb3 Qc4 42. Rd1 Ra6 43. Rb1 Qd3 44. Qc1 Ra2 45. Nc5 Nxc5 46. dxc5 Qc4 47.
Qd1 Rd2 48. Qg4 c2 49. Rc1 b3 50. Qf4 Qxc5 51. Qxe4 Qd5 52. Qxd5 Rxd5 0-1

[Event "Madrid-ch Previa A 2014-2015"]
[Site "Madrid ESP"]
[Date "2015.02.11"]
[Round "6.7"]
[White "Dominguez Afonso, Ayraldo"]
[Black "Lozano Sanchez, Jose Antonio"]
[Result "1/2-1/2"]
[WhiteElo "1574"]
[BlackElo "1873"]
[PlyCount "105"]
[EventDate "2015.02.02"]
[EventType "swiss"]
[EventRounds "9"]
[EventCountry "ESP"]
[Source "lmi"]
[SourceDate "2015.02.02"]

1. e4 e5 2. Nf3 Nc6 3. Bb5 a6 4. Ba4 Bc5 5. O-O d6 6. c3 b5 7. Bb3 Nf6 8. d3 h6
9. h3 O-O 10. Re1 Be6 11. Bc2 Bd7 12. d4 Bb6 13. a4 Re8 14. axb5 axb5 15. Rxa8
Qxa8 16. Na3 exd4 17. cxd4 Nb4 18. e5 Nxc2 19. Nxc2 Nh7 20. exd6 cxd6 21. Bf4
Rxe1+ 22. Qxe1 d5 23. Ne5 Be6 24. Qc3 Nf6 25. Qc6 Qxc6 26. Nxc6 Bd7 27. Ne5 Bf5
28. Ne3 Be6 29. Nc2 Kf8 30. Be3 Ne4 31. b4 Nd6 32. Na3 f6 33. Nd3 Bd7 34. Nc5
Ke7 35. Nxd7 Kxd7 36. Kf1 Kc6 37. Nb1 Nf5 38. Ke2 Nxd4+ 39. Bxd4 Bxd4 40. f3
Bb2 41. Kd3 d4 42. Kc2 Ba1 43. Kd3 f5 44. g3 g5 45. Kc2 Kd5 46. Kd3 h5 47. g4
fxg4 48. fxg4 hxg4 49. hxg4 Ke5 50. Na3 Bc3 51. Nxb5 Bxb4 52. Nxd4 Kf4 53. Ne6+
1/2-1/2

[Event "Madrid-ch Previa A 2014-2015"]
[Site "Madrid ESP"]
[Date "2015.02.11"]
[Round "6.8"]
[White "Camacho Casado, Demetrio"]
[Black "Jimenez Gonzalez, Marcos"]
[Result "1-0"]
[WhiteElo "1933"]
[BlackElo "1856"]
[PlyCount "55"]
[EventDate "2015.02.02"]
[EventType "swiss"]
[EventRounds "9"]
[EventCountry "ESP"]
[Source "lmi"]
[SourceDate "2015.02.02"]

1. f4 d5 2. Nf3 c6 3. g3 Nf6 4. Bg2 Qb6 5. e3 Bg4 6. b3 g6 7. Bb2 Bg7 8. O-O
O-O 9. Qe1 Nbd7 10. h3 Bxf3 11. Bxf3 Rfe8 12. Bg2 e5 13. fxe5 Nxe5 14. Qf2 Qc7
15. Nc3 Qe7 16. Rae1 Ned7 17. d3 Rf8 18. e4 dxe4 19. Nxe4 Nxe4 20. Rxe4 Qc5 21.
d4 Qd6 22. c4 c5 23. dxc5 Qxc5 24. Qxc5 Nxc5 25. Bxg7 Kxg7 26. Re7 Rab8 27. Bd5
Rfd8 28. Rfxf7+ 1-0

[Event "Madrid-ch Previa A 2014-2015"]
[Site "Madrid ESP"]
[Date "2015.02.11"]
[Round "6.9"]
[White "Roldan Garcia, Angel"]
[Black "Morona Minguez, Miguel"]
[Result "1-0"]
[WhiteElo "1824"]
[BlackElo "1913"]
[PlyCount "51"]
[EventDate "2015.02.02"]
[EventType "swiss"]
[EventRounds "9"]
[EventCountry "ESP"]
[Source "lmi"]
[SourceDate "2015.02.02"]

1. e4 e5 2. Nf3 Nc6 3. Bb5 a6 4. Ba4 Nf6 5. d3 Bc5 6. O-O b5 7. Bb3 d6 8. a4
Bg4 9. h3 Bh5 10. c3 h6 11. Qe2 O-O 12. Be3 Nd7 13. Bd5 Ne7 14. Bxa8 Qxa8 15.
axb5 Bxe3 16. Qxe3 Qb7 17. bxa6 Qxb2 18. Nbd2 Bxf3 19. Nxf3 Nb6 20. Rfb1 Qxc3
21. Rc1 Qb2 22. Qe1 Rc8 23. a7 Qb5 24. Qc3 Kf8 25. Rcb1 Qe8 26. Rxb6 1-0

[Event "Madrid-ch Previa A 2014-2015"]
[Site "Madrid ESP"]
[Date "2015.02.11"]
[Round "6.10"]
[White "Camarero Izquierdo, Juan Carlo"]
[Black "Canseco Arenas, Alfonso"]
[Result "1-0"]
[WhiteElo "1875"]
[BlackElo "1733"]
[PlyCount "39"]
[EventDate "2015.02.02"]
[EventType "swiss"]
[EventRounds "9"]
[EventCountry "ESP"]
[Source "lmi"]
[SourceDate "2015.02.02"]

1. d4 Nf6 2. Nc3 c6 3. e4 d5 4. e5 Nfd7 5. f4 g6 6. Nf3 e6 7. Qd3 a6 8. h4 c5
9. h5 cxd4 10. Nxd4 Bg7 11. hxg6 hxg6 12. Rxh8+ Bxh8 13. Nxe6 fxe6 14. Qxg6+
Kf8 15. Be3 Qe7 16. O-O-O Nc6 17. Be2 Qf7 18. Qd3 Bg7 19. Rh1 Ke8 20. Bh5 1-0

[Event "Madrid-ch Previa A 2014-2015"]
[Site "Madrid ESP"]
[Date "2015.02.11"]
[Round "6.11"]
[White "Villodre Miranda, Juan Alonso"]
[Black "Lopez Heras, Arturo"]
[Result "0-1"]
[WhiteElo "1683"]
[BlackElo "1866"]
[PlyCount "60"]
[EventDate "2015.02.02"]
[EventType "swiss"]
[EventRounds "9"]
[EventCountry "ESP"]
[Source "lmi"]
[SourceDate "2015.02.02"]

1. c4 Nf6 2. Nc3 g6 3. e4 d6 4. h3 Bg7 5. g3 O-O 6. Bg2 e5 7. Nge2 Nc6 8. O-O
Be6 9. d3 Nd7 10. f4 f5 11. exf5 gxf5 12. Nd5 Rb8 13. Nec3 Nd4 14. a4 c6 15.
Nb4 Qb6 16. a5 Qxb4 17. Ra3 Qc5 18. Na4 Qxa5 19. Bd2 Qc7 20. fxe5 dxe5 21. Nc3
Rbe8 22. Kh2 a6 23. b4 f4 24. Ne2 Nxe2 25. Qxe2 fxg3+ 26. Kh1 Rxf1+ 27. Bxf1
Rf8 28. Bc3 Qd8 29. c5 Qf6 30. Bg2 Qh4 0-1

[Event "Madrid-ch Previa A 2014-2015"]
[Site "Madrid ESP"]
[Date "2015.02.11"]
[Round "6.12"]
[White "Perez Cameselle, Francisco"]
[Black "Garcia Carbonell, Francisco"]
[Result "1-0"]
[WhiteElo "1849"]
[BlackElo "1658"]
[PlyCount "79"]
[EventDate "2015.02.02"]
[EventType "swiss"]
[EventRounds "9"]
[EventCountry "ESP"]
[Source "lmi"]
[SourceDate "2015.02.02"]

1. e4 d5 2. exd5 Nf6 3. Nc3 Bg4 4. Nf3 Nxd5 5. Nxd5 Qxd5 6. Be2 Nc6 7. O-O
O-O-O 8. d3 e5 9. h3 Bh5 10. Ne1 Bxe2 11. Qxe2 Nd4 12. Qe4 Qe6 13. c3 f5 14.
Qe3 Nc6 15. f4 b6 16. b4 Re8 17. fxe5 Nxe5 18. Nf3 Qc6 19. Bd2 Qd6 20. d4 Nxf3+
21. Qxf3 g6 22. Bf4 Qd8 23. Be5 Rg8 24. Qa8+ Kd7 25. Qd5+ Bd6 26. Rae1 Qa8 27.
Qxa8 Rxa8 28. Bxd6 cxd6 29. Rf3 Rge8 30. Rfe3 Rxe3 31. Rxe3 Re8 32. Rxe8 Kxe8
33. c4 Ke7 34. Kf2 g5 35. g3 h5 36. Kf3 Kf6 37. h4 a6 38. c5 bxc5 39. dxc5 dxc5
40. bxc5 1-0